000 00325nam a2200157Ia 4500
100 _aBrown / Steve
250 _a1
942 _cBK
654 _aComputer
245 _aVisuals Basics 6 in Record Time
260 _bB.P.B Pub
_c1998
082 _a005.133'VB'
_bBRO
300 _a659
546 _aENGLISH
999 _c26256
_d26256